000
00241nam a22001217a 4500
082
_a
004 HEL
100
_a
HELD GILBERT
_9
36816
245
_a
IBM PC & PC XT
250
_a
2ND
260
_a
DELHI
_b
PDF
_c
1987
300
_a
479P
942
_c
BK
999
_c
574246
_d
574246